| 000 | 01231nam0a22003371 4500 | ||
|---|---|---|---|
| 001 | v19\rc\1954836 | ||
| 005 | 20260406110609.0 | ||
| 035 | _a(NLR Aleph) 005268677 | ||
| 090 |
_a5975999 _c5975999 |
||
| 100 | _a20080428d1913 u y0rusy50 ca | ||
| 101 | 0 | _arus | |
| 102 | _aRU | ||
| 105 | _ay b ||||| | ||
| 200 | 1 |
_aКаталог учительской библиотеки _fА. Обухов, С. Серополко, Н. Чехов |
|
| 210 |
_aМосква _cЖурн. "Пед. листок" _d1913 |
||
| 215 |
_a20 с. _d20 |
||
| 225 | 1 | _aУчительская библиотека | |
| 700 | 1 |
_aОбухов _bА.М. _gАлександр Михайлович |
|
| 701 | 1 |
_8rus _7ca _aСерополко _bС. А. _f1872-1959 _gСтепан Онисимович _3RU\NLR\AUTH\77120161 _9103086 |
|
| 701 | 1 |
_8rus _7ca _aЧехов _bН. В. _f1865-1947 _gНиколай Владимирович _3RU\NLR\AUTH\77110310 _993235 |
|
| 801 | 0 |
_aRU _bNLR _gpsbo |
|
| 801 | 0 |
_aRU _bRuMoRGB _2psbo |
|
| 801 | 1 |
_aRU _bProSoft-M _2rusmarc |
|
| 801 | 2 |
_aRU _bNLR _c20120404 _2rusmarc |
|
| 852 |
_aNLR _jС871-420/О-26 |
||
| 899 |
_aRuMoRGB _jКБ |
||
| 899 |
_aRuMoRGB _jR 21/760 |
||
| 899 | _aБАН | ||
| 899 | _aГПИБ | ||
| 942 | _cBOOK | ||
| 980 | _aNB | ||